书目信息 |
| 题名: |
细胞生物学
|
|
| 作者: | 凌诒萍 主编 | |
| 分册: | ||
| 出版信息: | 北京 人民卫生出版社 |
|
| 页数: | ||
| 开本: | 25cm | |
| 丛书名: | ||
| 单 册: | ||
| 中图分类: | Q2 | |
| 科图分类: | ||
| 主题词: | 细胞学 | |
| 电子资源: | ||
| ISBN: | 7-117-04065-3 | |
| 000 | 00512nam0 2200193 450 | |
| 001 | 0632868737 | |
| 005 | 20060927091345.20 | |
| 010 | @a7-117-04065-3@dCNY23.50 | |
| 100 | @a20060927d km y0chiy0120 ea | |
| 101 | 0 | @achi |
| 102 | @aCN@b110000 | |
| 200 | 1 | @a细胞生物学@Axi bao sheng wu xue@f凌诒萍主编@Fling yi ping zhu bian |
| 210 | @a北京@c人民卫生出版社 | |
| 215 | @d25cm | |
| 606 | 0 | @a细胞学 |
| 690 | @aQ2@v3 | |
| 701 | 0 | @a凌诒萍@Aling yi ping@4主编 |
| 801 | 0 | @aCN@bPFT@c20060927 |
| 905 | @a10447@dQ2@e24 | |
| 细胞生物学/凌诒萍主编.-北京:人民卫生出版社 |
| 25cm |
| ISBN 7-117-04065-3:CNY23.50 |
| ● |
| 相关链接 |
|
|
|
|
正题名:细胞生物学
索取号:Q2/24
 
预约/预借
| 序号 | 登录号 | 条形码 | 馆藏地/架位号 | 状态 | 备注 |
| 1 | 0483544 | 204835447 | 密集书库/ [索取号:Q2/24] | 在馆 | |
| 2 | 0483545 | 204835456 | 密集书库/ [索取号:Q2/24] | 在馆 | |
| 3 | 0483546 | 204835465 | 密集书库/ [索取号:Q2/24] | 在馆 | |
| 4 | 0483547 | 204835474 | 密集书库/ [索取号:Q2/24] | 在馆 |